El texto narrativo
Guardat en:
| Autor principal: | |
|---|---|
| Format: | Llibre |
| Idioma: | Spanish |
| Publicat: |
Madrid, España
Editorial Síntesis
2007
|
| Matèries: | |
| Etiquetes: |
Afegir etiqueta
Sense etiquetes, Sigues el primer a etiquetar aquest registre!
|
MARC
| LEADER | 00000nam a22000007a 4500 | ||
|---|---|---|---|
| 008 | 180822b xxu||||| |||| 00| 0 spa d | ||
| 040 | |a cru BVZT | ||
| 090 | |a 801 G-11.2t | ||
| 100 | |a Garrido Domínguez, Antonio |9 1819 | ||
| 245 | |a El texto narrativo |c / Antonio Garrido Domínguez | ||
| 260 | |a Madrid, España |b Editorial Síntesis |c 2007 | ||
| 300 | |a 303 páginas | ||
| 650 | |a TEORÍA LITERARIA |9 178 | ||
| 650 | |a EL TEXTO NARRATIVO |9 1820 | ||
| 650 | |a CORRIENTES TEÓRICO-LITERARIAS |9 1821 | ||
| 650 | |a LA NARRACIÓN |9 1822 | ||
| 650 | |a LAS TRADICIONES RETÓRICA Y POÉTICA |9 1823 | ||
| 650 | |a EL REFERENTE NARRATIVO |9 1824 | ||
| 650 | |a RELATO Y FICCIÓN |9 1825 | ||
| 650 | |a HISTORIA Y TRAMA |9 1826 | ||
| 650 | |a LOS ACONTECIMIENTOS |9 1827 | ||
| 650 | |a EL PERSONAJE |9 1828 | ||
| 650 | |a EL NARRADOR |9 1829 | ||
| 650 | |a EL TIEMPO NARRATIVO |9 1830 | ||
| 650 | |a EL DISCURSO NARRATIVO |9 1831 | ||
| 999 | |c 30558 |d 30558 | ||
| 942 | |c SALA |h 801 G-11.2t |2 z | ||
